00732nam a2200169 a 4500001001000000003000900010005001700019008004100036040002500077049000900102245020100111260009400312300002000406942001400426952010500440999001700545000031636DO-SdBNP20210630095342.0110628s1968 dr 000 0 spa d aDO-SdBNPbspacBNPHU aBNPD00aDiscurso pronunciado por el presidente de la República, doctor Joaquín Balaguer, en ranchos de Tavera, el 15 de enero de 1968 para iniciar los trabajos de construcción de la Presa de Tavera. aSanto Domingo : 1968. :bDirección General de Información y Prensa de la República. a13 p. ;c22 cm. 2ddccLBS1 0010718PDaPDbPDcCTd2011-06-28iLF1l0o p31636-10r2020-06-25w2020-06-25yLFPDZNo se presta c31128d31128